LDR 00680naa#a2200169#i#450# 001 EN\FGKOU VO SPBU MVD ROSSII\bibl\124844 005 20260704192616.6 011 ## _a2227-7226 100 ## _a20260630b2026####ek#y0engy0150####ca 102 ## _aRU 200 1# _aLegal and organizational support for the implementation of digital operational search _eJournal article 210 1# _aSt. Petersburg _cSAINT-PETERSBURG UNIVERSITY OF THE MINISTRY OF INTERNAL AFFAIRS OF THE RUSSIAN FEDERATION _d2026 215 ## _a6 с. 608 ## _aJournal article _2local 675 ## _aВедение следствия. Розыск. 343.102 _z 700 #1 _aZhandrov _gVladimir Yur'evich 856 4# _arussianjournaldeviantbehavior.ru _u